Indicaciones y resultados de la gastro-enterostomía en la estenosis orgánicas no cancerosas del píloro / (Record no. 180848)

MARC details
000 -LEADER
campo de control de longitud fija 00648nam a2200169 i 4500
001 - NÚMERO DE CONTROL
campo de control 180848
003 - IDENTIFICADOR DE NÚMERO DE CONTROL
campo de control ES-MaACL
005 - FECHA Y HORA DE LA ÚLTIMA TRANSACCIÓN
campo de control 20230906221208.0
008 - DATOS DE LONGITUD FIJA--INFORMACIÓN GENERAL
campo de control de longitud fija 120719s1904 sp |||| | spa d
100 1# - ENTRADA PRINCIPAL--NOMBRE DE PERSONA
Nombre de persona Orcoyen y Arana, Crescencio A.
9 (RLIN) 151076
245 10 - MENCIÓN DEL TÍTULO
Título Indicaciones y resultados de la gastro-enterostomía en la estenosis orgánicas no cancerosas del píloro /
Mención de responsabilidad, etc. por Crescencio A. Orcoyen y Arana.
260 ## - PUBLICACIÓN, DISTRIBUCIÓN, ETC.
Lugar de publicación, distribución, etc. Madrid :
Nombre del editor, distribuidor, etc. [s.n.],
Fecha de publicación, distribución, etc. 1904 (
Fabricante Impr. de los Hijos de M. G. Hernández)
300 ## - DESCRIPCIÓN FÍSICA
Extensión 37 p. ;
Dimensiones 24 cm.
594 ## - Nota al título y mención de responsabilidad
Nota al título y mención de responsabilidad Precede al título: Memoria de doctorado.
650 #4 - PUNTO DE ACCESO ADICIONAL DE MATERIA--TÉRMINO DE MATERIA
Término de materia o nombre geográfico como elemento de entrada Gastrectomía.
9 (RLIN) 151075
852 ## - LOCALIZACIÓN
Ubicación ES-MaACL
Número de control de estantería T-1049-F-16
Holdings
Estatus retirado Estado de pérdida Estado de daño No para préstamo Colección Biblioteca de origen Biblioteca actual Ubicación en estantería Fecha de adquisición Fuente de adquisición Total de préstamos Signatura topográfica completa Código de barras Visto por última vez Precio de reemplazo Tipo de ítem Koha
        Colección de folletos Biblioteca del Ateneo de Madrid Biblioteca del Ateneo de Madrid Depósito folletos 19/07/2012     T-1049-F-16 1190033 23/02/2023 23/02/2023 Folleto